01610nam a2200289 a 450000100100000000500170001000800410002702000150006804000250008308200200010810000290012824501240015726000400028130000310032150000740035260000380042665000610046465000560052570000430058191000380062495201330066295201330079595201330092895201180106195201240117999900170130300001512820240409073638.0100201t2002 dr c r 001 0cspa d a9993458023 aDO-SdBNPbspacBNPHU a972.9305bP453p1 aPerozo, Alfonsina93423114aLos Perozo :bsu exterminio por la dictadura de Trujillo : mis vivencias /cAlfonsina Perozo ; prólogo Bernardo Vega. aSanto Domingo :bCentenario,c2002. a191 p. :bretrs. ;c21 cm. aIncluye datos biográficos de la autora en la solapa de la cubierta.14aPEROZO (FAMILIA)xHISTORIA934232 4aPersecuciones políticaszRepública Dominicana928992 4aHomicidio políticozRepública Dominicana9113831 aVega, Bernardo,d1938 -epról.93222 aValidado. Control de calidad. EMS 001054708DSaGRbGRcHDd2010-02-01iLF1l0o972.9305 P453pp15128-30r2020-06-25te. 3w2020-06-25yLFDSZPréstamo en sala 001054708DSaGRbGRcHDd2010-02-01iLF1l0o972.9305 P453pp15128-40r2020-06-25te. 4w2020-06-25yLFDSZPréstamo en sala 001054708DSaGRbGRcHDd2010-02-01iLF1l0o972.9305 P453pp15128-50r2020-06-25te. 5w2020-06-25yLFDSZPréstamo en sala 0010718PDaPDbPDcHDd2010-02-01iLF1l0o972.9305 P453pp15128-10r2020-06-25w2020-06-25yLFPDZNo se presta 0010718PDaPDbPDcHDd2010-02-01iLF1l0o972.9305 P453pp15128-20r2020-06-25te. 2w2020-06-25yLFPDZNo se presta c14700d14700